000 00396 a2200157 4500
001 44758
020 _a857416027x
040 _cAnchieta - Aquarius
100 _aMason, Antony
240 1 0 _a/Artistas famosos
_lpor
245 1 0 _a/Artistas famosos
300 _a31
362 0 _a1998
650 4 _aPessoas em literatura, história, biografia, genealogia (incluindo historiadores)
942 _cBK
999 _c44758
_d44758